00370nam a2200145Ia 4500008004100000020001500041041001200056100001400068245005600082250000900138260003800147300000800185650001500193700001600208221030s9999 xx 000 0 und d a9353168147 aEnglish aH. Koontz 0aEssentials Of Managementcby H. Koontz, H. Weihrich a11th bMcGraw - Hill Pub.aChennaic2020 a590 aManagement aH. Weihrich